Megatrends 2000 Ten New Directions for the 1990's

Saved in:
Bibliographic Details
Main Author: Naisbitt, John
Other Authors: Aburdene, Patricia
Format: Book
Language:English
Published: New York Morrow and Co. 1990
Edition:1. ed.
Tags: Add Tag
No Tags, Be the first to tag this record!

MARC

LEADER 00000nam a2200000 4500
001 c028210
005 20221215114145.7
020 |a 0-380-70437-4 
041 0 |a eng 
044 |a US 
245 1 0 |a Megatrends 2000  |b Ten New Directions for the 1990's  |c John Naisbitt, Patricia Aburdene 
250 |a 1. ed. 
264 1 |a New York  |b Morrow and Co.  |c 1990 
300 |a 384 s. 
100 1 |a Naisbitt, John 
700 1 |a Aburdene, Patricia